Bevölkerungsreichste deutsche Städte nach Kategorie - Statistiken

Allgemein
  • Dieses Quiz wurde 144 mal gespielt
  • Das Durchschnittsergebnis liegt bei 10 aus 20
Antwortstatistiken
Kategorie BL Bevölkerung Stadt % Korrekt
in der ehemaligen DDR gelegen SN 608.013 Leipzig
95%
keine Landeshauptstadt aber auch nicht die bevölkerungsreichste Stadt in ihrem jeweiligen Bundesland NW 601.343 Dortmund
86%
nördlich von Kiel SH 96.431 Flensburg
84%
an der Nordsee (ohne Exklave) HB 118.610 Bremerhaven
66%
am Bodensee BW 86.898 Konstanz
66%
an der Donau BY 151.389 Regensburg
64%
mit der Endung "stadt" HE 164.832 Darmstadt
61%
in einer Gebietskörperschaft, die an ein Nachbarland grenzt NW 263.772 Aachen
55%
in Ostfriesland NI 49.701 Emden
53%
nach einem Staatsoberhaupt benannt BW 308.197 Karlsruhe
53%
mit Q im Namen ST 23.277 Quedlinburg
52%
mit einem Tier im Namen NI 129.347 Wolfsburg
52%
im Siedlungsgebiet der Sorben BB 94.778 Cottbus
43%
im Saarland (außer Saarbrücken) SL 47.344 Neunkirchen (Saar)
40%
in den Alpen BY 65.933 Kempten (Allgäu)
32%
weder kreisfrei noch Sitz eines Kommunalverbandes NW 101.601 Moers
23%
mit dem Namenszusatz "Bad" (im offiziellen Namen) NW 54.300 Bad Salzuflen
21%
an der Ems NW 99.793 Gütersloh
17%
mit X im Namen NW 73.747 Castrop-Rauxel
14%
nach 1945 die Stadtrechte verliehen BW 89.286 Villingen-Schwenningen
10%
Keine übereinstimmenden Quizze gefunden
Verteilung der Resultate
Anzahl Personen mit jedem Resultat
Perzentil nach korrekt beantworteten Fragen
Ihre Resultats-Entwicklung
Sie haben dieses Quiz noch nicht gespielt